000
00263 a2200133 4500
001
152425
040
_c
Escola São Tomás de Aquino
240
1
0
_a
Cântico
_l
por
245
1
0
_a
Cântico
362
0
_a
1982
440
1
_a
Moderna
697
_a
Poesia
942
_c
BK
999
_c
152425
_d
152425